| 000 | 00809 a2200169 4500 | ||
|---|---|---|---|
| 003 | NUST | ||
| 005 | 20221124130638.0 | ||
| 040 | _cNust | ||
| 082 | _a530,CAR | ||
| 100 |
_aCarter, Ernest Frank _939741 |
||
| 245 |
_aPhysics for everyone: _b1001 physics questions and answers / _c Ernest Frank Carter |
||
| 260 |
_aLondon, Burke _c[1950] |
||
| 300 | _a223 p.: | ||
| 505 | _aMatter (Page-9), Motion (Page-27) Light (Page-43), Heat (Page-59), Sound (Page-79), Pneumatic( Page-91), Hydraulics (Page-101), Electricity (Page-120), Magnetism (Page-130), Electricity ,Voltaic or Current (Page-143), Electricity, Voltaic or Current (Continued) (Page-162), Radio and Television (Page-176), Nuclear Physics (Page-196), Miscellaneous Questions (Page-201). | ||
| 650 |
_aPhysics for everyone; _9103497 |
||
| 942 |
_2ddc _cBK |
||
| 999 |
_c181520 _d181520 |
||